Statistics for All Muscles of the Upper Limb and Lower Limb

Click here to take the quiz!

General Stats

  • This quiz has been taken 215 times
    (211 since last reset)
  • The average score is 39 of 99

Answer Stats

GroupsMuscle% Correct
Arm flexor (anterior)biceps brachii
82%
Shoulder jointdeltoid
82%
Shoulder joint (rotator cuff)teres minor
80%
Shoulder jointteres major
77%
Arm extensor (posterior)triceps brachii
77%
Arm flexor (anterior)brachialis
76%
Shoulder jointpectoralis major
74%
Shoulder joint (rotator cuff)infraspinatus
73%
Pectoral girdlepectoralis minor
72%
Shoulder joint (rotator cuff)supraspinatus
72%
Pectoral girdletrapezius
71%
Shoulder joint (rotator cuff)subscapularis
69%
Gluteal groupgluteus maximus
64%
Forearm extensor superficial (posterior)brachioradialis
62%
Forearm flexor superficial (anterior)flexor carpi ulnaris
62%
Forearm flexor superficial (anterior)flexor carpi radialis
60%
Shoulder jointlatissimus dorsi
60%
Shoulder jointcoracobrachialis
59%
Arm flexor (anterior)coracobrachialis
59%
Pectoral girdleserratus anterior
58%
Gluteal groupgluteus minimus
57%
Forearm flexor superficial (anterior)pronator teres
56%
Gluteal groupgluteus medius
55%
Pectoral girdlerhomboid major
54%
Pectoral girdlerhomboid minor
54%
Forearm extensor superficial (posterior)extensor digitorum
52%
Forearm flexor superficial (anterior)palmaris longus
52%
Forearm extensor superficial (posterior)extensor carpi ulnaris
50%
Forearm extensor deep (posterior)supinator
50%
Thigh flexor (posterior)biceps femoris
49%
Forearm flexor deep (anterior)flexor pollicis longus
47%
Arm extensor (posterior)anconeus
45%
Forearm extensor superficial (posterior)extensor carpi radialis longus
45%
Forearm flexor intermediate (anterior)flexor digitorum superficialis
45%
Forearm extensor superficial (posterior)extensor carpi radialis brevis
44%
Forearm extensor superficial (posterior)extensor digiti minimi
44%
Thigh extensor (anterior)sartorius
44%
Pectoral girdlelevator scapulae
43%
Forearm extensor deep (posterior)extensor pollicis longus
42%
Leg flexor superficial (posterior)gastrocnemius
42%
Forearm flexor deep (anterior)pronator quadratus
42%
Leg flexor superficial (posterior)soleus
42%
Thigh adductor (medial)gracilis
41%
Iliopsoaspsoas major
41%
Thigh flexor (posterior)semimembranosus
41%
Thigh flexor (posterior)semitendinosus
41%
Thigh adductor (medial)adductor longus
40%
Intrinsic muscles of the hand (Hypothenar)flexor digiti minimi
40%
Thigh adductor (medial)adductor brevis
39%
Forearm flexor deep (anterior)flexor digitorum profundus
38%
Intrinsic muscles of the hand (Thenar)flexor pollicis brevis
38%
Forearm extensor deep (posterior)extensor pollicis brevis
37%
Iliopsoasiliacus
37%
Intrinsic muscles of the hand (Thenar)adductor pollicis
36%
Intrinsic muscles of the handlumbricals
36%
Intrinsic muscles of the foot (plantar) 2ndlumbricals
36%
Pectoral girdlesubclavius
35%
Leg extensor (anterior)tibialis anterior
35%
Lateral rotatorspiriformis
33%
Leg flexor deep (posterior)tibialis posterior
33%
Intrinsic muscles of the hand (Thenar)opponens pollicis
32%
Thigh adductor (medial)pectineus
32%
Forearm extensor deep (posterior)abductor pollicis longus
31%
Intrinsic muscles of the hand (Thenar)abductor pollicis brevis
30%
Intrinsic muscles of the hand (Hypothenar)abductor digiti minimi
29%
Intrinsic muscles of the foot (plantar) 1stabductor digiti minimi
29%
Intrinsic muscles of the foot (plantar) 4thdorsal interossei
28%
Intrinsic muscles of the hand (DAB)dorsal interossei
28%
Leg flexor deep (posterior)flexor digitorum longus
28%
Lateral rotatorsobturator externus
27%
Thigh adductor (medial)obturator externus
27%
Lateral rotatorsobturator internus
27%
Leg flexor superficial (posterior)plantaris
27%
Lateral rotatorsquadratus femoris
27%
Intrinsic muscles of the hand (PAD)palmar interossei
26%
Gluteal grouptensor fasciae latae
26%
Forearm extensor deep (posterior)extensor indicis
25%
Thigh extensor (anterior)quadriceps femoris
25%
Leg flexor deep (posterior)flexor hallucis longus
24%
Intrinsic muscles of the hand (Hypothenar)opponens digiti minimi
24%
Intrinsic muscles of the foot (plantar) 1stflexor digitorum brevis
23%
Leg flexor deep (posterior)popliteus
20%
Leg extensor (anterior)extensor digitorum longus
19%
Leg extensor (anterior)extensor hallucis longus
19%
Intrinsic muscles of the foot (dorsal)extensor hallucis brevis
18%
Intrinsic muscles of the foot (dorsal)extensor digitorum brevis
17%
Intrinsic muscles of the foot (plantar) 3rdflexor hallucis brevis
17%
Leg everter (lateral)peroneus brevis
17%
Leg everter (lateral)peroneus longus
17%
Lateral rotatorssuperior gemellus
14%
Lateral rotatorsinferior gemellus
13%
Intrinsic muscles of the foot (plantar) 3rdadductor hallucis
10%
Leg extensor (anterior)peroneus tertius
9%
Intrinsic muscles of the foot (plantar) 4thplantar interossei
9%
Intrinsic muscles of the foot (plantar) 1stabductor hallucis
7%
Intrinsic muscles of the foot (plantar) 2ndquadratus plantae
7%
Thigh adductor (medial)addductor magnus adductor portion
5%
Thigh flexor (posterior)adductor magnus hamstring portion
5%
Intrinsic muscles of the foot (plantar) 3rdflexor digiti minimi brevis
5%

Score Distribution

Percentile by Number Answered

Percent of People with Each Score

Your Score History

You have not taken this quiz since the last reset